"Al centro sta Gesù Cristo Via, Verità e Vita" (Record n. 98598)

Dettagli MARC
000 -LEADER
fixed length control field 00705nam a22001817a 4500
003 - CONTROL NUMBER IDENTIFIER
control field IT-RoPau
005 - DATE AND TIME OF LATEST TRANSACTION
control field 20220918181106.0
008 - FIXED-LENGTH DATA ELEMENTS--GENERAL INFORMATION
fixed length control field 130523b xxu||||| |||| 00| 0 eng d
040 ## - CATALOGING SOURCE
Transcribing agency IT-RoPau
100 ## - MAIN ENTRY--PERSONAL NAME
Personal name Centro Promozione e Formazione
9 (RLIN) 595
245 ## - TITLE STATEMENT
Title "Al centro sta Gesù Cristo Via, Verità e Vita"
Remainder of title Centro Promozione e Formazione
250 ## - EDITION STATEMENT
Edition statement 1° ed
260 ## - PUBLICATION, DISTRIBUTION, ETC. (IMPRINT)
Place of publication, distribution, etc. Roma
Name of publisher, distributor, etc. SSP - Centro Promozione e Formazione
Date of publication, distribution, etc. s.d.
300 ## - PHYSICAL DESCRIPTION
Extent 13 pp.
Dimensions 29,5 cm
490 ## - SERIES STATEMENT
Series statement Centro Promozione e Formazione
520 ## - SUMMARY, ETC.
Summary, etc. Indice<br/><br/>Schema 1 - Spiritualità paolina<br/>Schema 2 - "Io sono la Via"<br/>Schema 3 - "Iosono la Verita"<br/>Schema 4 - "Io sono la Vita"<br/>Schema 5 - Il Maestro e il Discepolo<br/>
942 ## - ADDED ENTRY ELEMENTS (KOHA)
Source of classification or shelving scheme Dewey Decimal Classification
Koha item type LIBRO
Dati di copia
Withdrawn status Lost status Source of classification or shelving scheme Damaged status Not for loan Home library Current library Date acquired Total Checkouts Full call number Date last seen Price effective from Koha item type
    Dewey Decimal Classification Buone Condizioni Not For Loan PAULUS-BIBLIOTECA PAULUS-BIBLIOTECA 23/05/2013   P D2 23/05/2013 23/05/2013 LIBRO
CREDITS: SOCIETA' SAN PAOLO Via A.Severo, 58 - ROMA (RM) & PERIODICI SAN PAOLO SRL Via Giotto, 36 MILANO & CISF Via Giotto, 36 MILANO & EDIZIONI SAN PAOLO SRL,  Piazza Soncino, 5 CINISELLO BALSAMO (MI) -- ITALY